000 00347nam a2200133Ia 4500
008 240624s9999 xx 000 0 und d
041 _aeng
082 _a337 KRA
100 _aKRAGH SOREN KJELDSEN KRAGH
245 _aINTERNATIONAL ECONOMICS
260 _c2009
_aNew Delhi
_bAne Books Pvt. Ltd.
300 _a413 : p. : cm. ; 22
365 _cRS
_b32
999 _c13895
_d13895